Her sister's keeper / (Record no. 234253)

000 -LEADER
fixed length control field 01005nam a22002893a 4500
001 - CONTROL NUMBER
control field 14297736
003 - CONTROL NUMBER IDENTIFIER
control field Nust
005 - DATE AND TIME OF LATEST TRANSACTION
control field 20170316153127.0
008 - FIXED-LENGTH DATA ELEMENTS--GENERAL INFORMATION
fixed length control field 060213s2006 onc 000 1 eng d
010 ## - LIBRARY OF CONGRESS CONTROL NUMBER
LC control number 2006573068
020 ## - INTERNATIONAL STANDARD BOOK NUMBER
International Standard Book Number 9780263861730 (pbk.) :
Terms of availability $5.50
035 ## - SYSTEM CONTROL NUMBER
System control number (OCoLC)ocm63748460
040 ## - CATALOGING SOURCE
Original cataloging agency OCO
Transcribing agency OCO
Modifying agency DLC
042 ## - AUTHENTICATION CODE
Authentication code lccopycat
050 00 - LIBRARY OF CONGRESS CALL NUMBER
Classification number CPB Box no. 2424 vol. 20
082 ## - DEWEY DECIMAL CLASSIFICATION NUMBER
Classification number 813.6
Author Mark PEN
100 1# - MAIN ENTRY--PERSONAL NAME
Personal name Penney, Julia.
245 10 - TITLE STATEMENT
Title Her sister's keeper /
Statement of responsibility, etc. Julia Penney.
260 ## - PUBLICATION, DISTRIBUTION, ETC.
Place of publication, distribution, etc. Toronto ;
-- New York :
Name of publisher, distributor, etc. Harlequin,
Date of publication, distribution, etc. c2006.
300 ## - PHYSICAL DESCRIPTION
Extent 377 p. ;
Dimensions 18 cm.
490 1# - SERIES STATEMENT
Series statement Harlequin superromance ;
Volume/sequential designation 1330
655 #7 - INDEX TERM--GENRE/FORM
Genre/form data or focus term Love stories.
Source of term gsafd
655 #7 - INDEX TERM--GENRE/FORM
Genre/form data or focus term Romantic suspense fiction.
Source of term gsafd
655 #7 - INDEX TERM--GENRE/FORM
Genre/form data or focus term Suspense fiction.
Source of term gsafd
710 2# - ADDED ENTRY--CORPORATE NAME
Corporate name or jurisdiction name as entry element Copyright Paperback Collection (Library of Congress)
Institution to which field applies DLC
830 #0 - SERIES ADDED ENTRY--UNIFORM TITLE
Uniform title Harlequin super romance ;
Volume/sequential designation 1330.
906 ## - LOCAL DATA ELEMENT F, LDF (RLIN)
a 7
b cbc
c copycat
d 2
e ncip
f 20
g y-genrareb
942 ## - ADDED ENTRY ELEMENTS (KOHA)
Source of classification or shelving scheme
Koha item type Book
Holdings
Withdrawn status Lost status Source of classification or shelving scheme Damaged status Not for loan Collection code Permanent Location Current Location Shelving location Date acquired Total Checkouts Full call number Barcode Date last seen Date last checked out Copy number Price effective from Koha item type
            Central Library (CL) Central Library (CL) Fiction 03/16/2017 2 813.6 PEN CL620 12/30/2020 09/16/2019 1 03/16/2017 Book
© 2023 Central Library, National University of Sciences and Technology. All Rights Reserved.